|
|
|
|
| LEADER |
00000nas a22000007a 4500 |
| 005 |
20110905134538.0 |
| 008 |
110905c2009 rm q||||s|||| 00| b1eng d |
| 022 |
|
|
|a 1842-2454
|
| 035 |
|
|
|a 5157
|
| 040 |
|
|
|a vLex
|
| 090 |
|
|
|c 2375
|d 2375
|
| 245 |
0 |
0 |
|a Romanian Journal of Marketing
|h [Recurso electrn̤ico]
|
| 256 |
|
|
|a Servicio en ln̕ea.
|
| 260 |
|
|
|a [Rumania] :
|b Editura Rosetti Educational,
|c 2009 -
|
| 300 |
|
|
|a 1 recurso electrn̤ico
|
| 310 |
|
|
|a Trimestral
|
| 362 |
|
|
|a Nm︢. 1 (2009) -
|
| 506 |
1 |
|
|a Contenido solo disponible en los productos indicados
|d vLex Global
|d vLex Global (Academic Edition, excluding Law Schools)
|d vLex Global (U.S. Academic Edition, excluding Law Schools)
|
| 650 |
0 |
4 |
|a Mr̀queting
|z Rumania
|
| 740 |
0 |
|
|a vLex Revistas (Servicio en ln̕ea)
|
| 856 |
4 |
0 |
|u http://vlex.com/source/romanian-journal-marketing-5157
|z Acceso restringido
|
| 942 |
|
|
|c REV
|